Statistics for Historical dictators as children

Click here to take the quiz!

General Stats

  • This quiz has been taken 65 times
  • The average score is 6 of 9

Answer Stats

Answer% Correct
Joseph Stalin
89%
Adolf Hitler
87%
Saddam Hussein
83%
Benito Mussolini
65%
Abraham Lincoln
59%
Mahatma Gandhi
50%
Nelson Mandela
44%
Winston Churchill
39%
Franklin Roosevelt
33%

Score Distribution

Percentile by Number Answered

Percent of People with Each Score

Your Score History

You have not taken this quiz